000 00332nam a2200145Ia 4500
008 230718s9999 xx 000 0 und d
041 _aEng.
082 _a332.63
_bPRI-T
100 _aPrince & Jimmy
245 0 _aTaxation Pocket Guide
260 _aPakistan
_bMcGraw-Hill.
_c2002
300 _a152
650 _aLaw
999 _c26143
_d26143